| 000 | 00511nam a2200217Ia 4500 | ||
|---|---|---|---|
| 003 | OSt | ||
| 005 | 20220928150027.0 | ||
| 006 | a|||||r|||| 00| 0 | ||
| 007 | ta | ||
| 008 | 220927b |||||||| |||| 00| 0 eng d | ||
| 024 | _a86605 | ||
| 037 | _cTextual | ||
| 040 |
_aSDCL _cSDCL _beng |
||
| 041 |
_2eng _aeng |
||
| 082 | _aVxM34, J4 | ||
| 100 | _aKochan Lionel | ||
| 245 | 0 | _aAction on history | |
| 260 | _c1954 | ||
| 942 |
_hVxM34, J4 _cTEXL _2CC |
||
| 999 |
_c838710 _d838710 |
||